000 00626cam a22002173a 4500
001 45461
003 PGUSA
005 20140828084042.0
008 140423s2014||||xxu|||||s|||||000 | eng d
040 _aPGUSA
_beng
042 _adc
100 1 _aCampos, Álvaro de,
_d1890-
245 1 0 _aUltimatum
_h[electronic resource] /
_cÁlvaro de Campos
260 _bProject Gutenberg,
_c2014
506 _aPublic domain in the USA.
516 _aElectronic text
700 1 _aPessoa, Fernando António Nogueira,
_d1888-1935
830 0 _aProject Gutenberg
_v45461
856 4 0 _uhttp://www.gutenberg.org/ebooks/45461
942 _cEB
999 _c274712
_d274712